| Tag |
First Indicator |
Second Indicator |
Subfields |
| LEADER |
00000cam a2200000 4500 |
| 001 |
in00001908268 |
| 006 |
m | d | |
| 007 |
cr |n||||||||n |
| 008 |
810811s1767 ie |||| s 00||||eng d |
| 005 |
20260406213817.7 |
| 035 |
|
|
|a (CStRLIN)ESTCT127686
|
| 040 |
|
|
|a Uk-ES
|c Uk-ES
|d Cu-RivES
|d CStRLIN
|d Thomson Gale
|d UtOrBLW
|
| 100 |
1 |
|
|a Elie de Beaumont,
|c Mme.
|q (Anne-Louise Morin-Dumesnil),
|d 1729-1783.
|
| 240 |
1 |
0 |
|a Lettres de Mme du Montier à la marquise de ***, sa fille.
|l English
|
| 245 |
1 |
4 |
|a The history of a young lady of distinction :
|b in a series of letters. In two volumes. ...
|
| 250 |
|
|
|a Third edition.
|
| 264 |
|
3 |
|a Dublin :
|b printed by James Hoey,
|c 1767.
|
| 300 |
|
|
|a 2 volumes(240p.) ;
|c 12⁰.
|
| 336 |
|
|
|a text
|b txt
|2 rdacontent
|
| 337 |
|
|
|a computer
|b c
|2 rdamedia
|
| 338 |
|
|
|a online resource
|b cr
|2 rdacarrier
|
| 500 |
|
|
|a A translation of Anne-Louise Élie de Beaumont's Lettres de Mme du Montier à la marquise de ***, sa fille.
|
| 500 |
|
|
|a A novel.
|
| 500 |
|
|
|a Pagination and register are continuous.
|
| 500 |
|
|
|a Reproduction of original from the British Library.
|
| 510 |
4 |
|
|a English Short Title Catalog,
|c ESTCT127686.
|
| 533 |
|
|
|a Electronic reproduction.
|b Farmington Hills, Mich. :
|c Thomson Gale,
|d 2003.
|n Available via the World Wide Web.
|n Access limited by licensing agreements
|7 s2003 miunns
|
| 500 |
|
|
|a Electronic resource.
|
| 830 |
|
0 |
|a Eighteenth century collections online.
|
| 856 |
4 |
0 |
|u http://proxy.library.tamu.edu/login?url=https://galenet.galegroup.com/servlet/ECCO?c=1&stp=Author&ste=11&af=BN&ae=T127686&tiPG=1&dd=0&dc=flc&docNum=CW115021763&vrsn=1.0&srchtp=a&d4=0.33&n=10&SU=0LRK&locID=txshracd2898
|z Full text online
|t 0
|
| 999 |
|
|
|a MARS
|
| 999 |
f |
f |
|s 3c2638de-b4e5-3b58-af5d-b5250e37e997
|i 08fec526-6045-3d0f-aeee-0a82e8af815d
|t 0
|
| 952 |
f |
f |
|a Texas A&M University
|b College Station
|c Electronic Resources
|s www_evans
|d Available Online
|t 0
|h No information provided
|
| 998 |
f |
f |
|t 0
|l Available Online
|